000 00543nam a22001697a 4500
005 20231030120348.0
008 231030b |||||||| |||| 00| 0 eng d
020 _a9780702182273
041 _aEnglish
082 _a347.1 MEI
100 _aMeintjies-Van der Walt, L
_lEnglish
245 _aDNA in the courtroom : Principles and Practice /
_cL Meintjies-Van der Walt
260 _aCape Town :
_bJuta & Co. Ltd,
_c2010
300 _bxviii, 177 pages ;
_c22 cm.
650 _alegal practice
_bLaw
942 _cBK
_6ALISON_BN_VRIES
999 _c143
_d143